00262nam a2200097Ia 4500008004100000020001800041082001900059100001600078245006200094300000800156210430s9999 xx 000 0 und d a0-7185-1268-5 a355.0335 D576D aG.M. Dillon aDefence Policy Making A Comparative AnalysiscG.M. Dillon a176